000 00439nam a2200157Ia 4500
008 151213s9999 xx 000 0 und d
100 _aFredric S. Miskin
245 _aThe Economics of Money , Banking & Financial Markets
_cFredric S. Miskin
250 _a7th
260 _aNew York
_bPerson, Addison, Wesley
_c2004
300 _a3425 p.
650 _aEconomics
650 _aEconomics
700 _aFredric S. Miskin
999 _c2282
_d2282